000
00304nam a2200109Ia 4500
008
171211s9999 xx 000 0 und d
245
_a
eCommerce in the Cloud
245
_c
Kelly Goetsch
260
_c
2014
650
_x
IT eBOOKS
856
_u
http://down.ebook777.com/020/eCommerce%20in%20the%20Cloud.pdf
999
_c
349854
_d
349854